Stations of Odakyu Electric Railway, Tokyo, Japan - Statistics

General Stats
  • This quiz has been taken 178 times
  • The average score is 42 of 72
Answer Stats
Line Station No. Station % Correct
Odawara Line OH 01 Shinjuku
99%
OH 05 Yoyogi Uehara
91%
OH 47 Odawara
88%
OH 07 Shimo Kitazawa
88%
OH 02 Minami Shinjuku
85%
OH 27 Machida
78%
OH 32 Ebina
77%
OH 06 Higashi Kitazawa
76%
OH 28 Sagami Ono
76%
Enoshima Line OH 28 Sagami Ono
76%
OH 33 Atsugi
75%
OE 13 Fujisawa
74%
OH 34 Hon Atsugi
74%
OH 18 Noborito
73%
OH 23 Shin Yurigaoka
73%
Tama Line OH 23 Shin Yurigaoka
73%
OH 04 Yoyogi Hachiman
73%
OE 16 Katase Enoshima
71%
OH 22 Yurigaoka
70%
OH 11 Kyodo
69%
OE 02 Chuo Rinkan
67%
OH 03 Sangubashi
67%
OH 14 Seijogakuen Mae
66%
OE 05 Yamato
66%
OT 07 Karakida
65%
OH 08 Setagaya Daita
65%
OH 36 Isehara
64%
OH 41 Shin Matsuda
64%
OH 21 Yomiuri Land Mae
64%
OH 16 Komae
62%
OT 06 Odakyu Tama Centre
62%
OE 09 Shonandai
62%
OH 10 Gotokuji
60%
OH 31 Zama
60%
OH 12 Chitose Funabashi
58%
OH 19 Mukogaoka Yuen
57%
OH 13 Soshigaya Okura
57%
OH 39 Hadano
56%
OH 09 Umegaoka
56%
OE 03 Minami Rinkan
54%
OE 04 Tsuruma
54%
OE 01 Higashi Rinkan
53%
OH 38 Tokaidaigaku Mae
53%
OE 15 Kugenuma Kaigan
52%
OH 29 Odakyu Sagamihara
51%
OH 37 Tsurumaki Onsen
51%
OH 46 Ashigara
49%
OH 17 Izumi Tamagawa
49%
OH 42 Kaisei
49%
OH 15 Kitami
49%
OH 26 Tamagawagakuen Mae
49%
OH 35 Aiko Ishida
48%
OH 20 Ikuta
48%
OH 24 Kakio
48%
OH 30 Sobudai Mae
46%
OT 05 Odakyu Nagayama
45%
OH 40 Shibusawa
44%
OE 14 Hon Kugenuma
42%
OH 25 Tsurukawa
42%
OE 08 Chogo
41%
OT 04 Haruhino
40%
OE 12 Fujisawa Hommachi
38%
OT 03 Kurokawa
38%
OE 07 Koza Shibuya
37%
OH 43 Kayama
36%
OH 45 Hotaruda
35%
OT 02 Kurihira
35%
OE 06 Sakuragaoka
35%
OT 01 Satsukidai
33%
OH 44 Tomizu
33%
OE 10 Mutsuai Nichidaimae
31%
OE 11 Zengyo
31%
No matching quizzes found
Score Distribution
Percent of People with Each Score
Percentile by Number Answered
Your Score History
You have not taken this quiz